000 00353pam a2200157a 44500
008 230405s1998 xxu||||| |||| 00| 0 eng d
041 _aENG
100 _aJhon P Hayes
245 _aComputer Architeeture And Organisation
250 _a1
260 _a
_bM G H
_c1998
300 _a6046 24 cms
440 _a362
690 _aIMRDA
906 _a2368
999 _c255227
_d255227